000 01353cam a22003497a 4500
003 CHAP
005 20220817042928.0
008 971013s1994 r 00010 d
010 _a60161
011 _a61133
035 _a65297
040 _cCHAP
082 _a630.7
_bU32
110 _aUACH. Departamento de Preparatoria Agrícola
245 0 _aProceso y análisis de contenidos de las asignaturas del plan de estudios del nivel bachillerato
_b: memorias
260 _aChapingo, Méx. :
_bLa Universidad,
_c1994
300 _a295 p.
_e+ anexo
590 _aBATCH-UPD
_b10
_c20130110
_lUCH01
_h1122
590 _aBATCH-UPD
_b10
_c20130410
_lUCH01
_h0712
590 _aBATCH-UPD
_b10
_c20130914
_lUCH01
_h0055
590 _aCONVERSION
_b10
_c20130109
_lUCH01
_h1332
650 1 4 _aAgricultura
_xEstudio y ensenanza.
_91474
650 1 4 _aAgricultura
_xPlanes de estudio.
_91769
650 1 4 _aEducación agrícola
_xPlanes de estudio.
_935539
650 1 4 _aEducación media superior.
_935578
901 _aBK
942 _cLIBRO
949 _a630.7 U32
_bBC
_cLIBRO
_d33724000591434
_eLIBRO
_fc.4
_h93127
_i65297
_kDonaciØn
_sb
949 _a630.7 U32
_bBC
_cLIBRO
_d33724000614178
_eLIBRO
_h90444
_i65297
_si
949 _a630.7 U32
_bBC
_cLIBRO
_d33724000614210
_eLIBRO
_fc.2
_h90445
_i65297
_si
949 _a630.7 U32
_bBC
_cUACH
_d33724000605010
_eUACH
_fc.3
_h90446
_i65297
_si
999 _c60161
_d60161